| 000 | 02211nam0a2200421 4500 | ||
|---|---|---|---|
| 001 | RU\NLR\bibl\1220120 | ||
| 005 | 20250615111001.0 | ||
| 010 |
_a978-5-9790-0033-6 _91000 |
||
| 021 |
_aRU _b2008-16291 _9888 |
||
| 035 | _aRSL-KNO-002586845 | ||
| 035 | _a(NLR Aleph) 001206482 | ||
| 090 |
_a50835 _c50835 |
||
| 100 | _a20080424d2007 |||y0rusy50 ca | ||
| 101 | 1 |
_arus _ceng |
|
| 102 | _aRU | ||
| 105 | _aa ||||||||| | ||
| 200 | 1 |
_aMicrosoft Exchange Server 2003 _eсправочник администратора _fУолтер Ж. Гленн, Билл Инглиш _g[пер. с англ. Г.Г. Трубникова] |
|
| 210 |
_aСанкт-Петербург _cЭКОМ _cЭКОМ Паблишерз _d2007 |
||
| 215 |
_a719 с. _cил. _d24 |
||
| 225 | 1 | _aСправочник администратора | |
| 225 | 1 | _aIT Professional | |
| 300 | _aЗагл. и авт. ориг.: Microsoft Exchange server 2003 / Walter J. Glenn, Bill English | ||
| 320 | _aАлф. указ.: с. 716-719 | ||
| 320 | _aДр. произведения авт. на 4-й с. обл. | ||
| 454 | 0 |
_12001#$aMicrosoft Exchange server 2003 _1700#1$aGlenn$bW. J.$gWalter J.$4070 _1701#1$aEnglish$bB.$gBill$4070 _tMicrosoft Exchange server 2003 _aGlenn, Walter J. |
|
| 606 | 0 |
_aMICROSOFT EXCHANGE SERVER 2003, электронная почта _jСправочники _92359200 _3RU\NLR\auth\661408937 |
|
| 610 | 0 | _aВычислительная техника -- Вычислительные машины электронные цифровые -- Автоматическая обработка информации -- Информационные системы и сети -- Программирование -- Операционные системы -- Справочник | |
| 610 | 0 | _aобмен иинформацией - программирование | |
| 686 |
_aЗ973.233.02-018.2я22 _2rubbk |
||
| 686 | _aЗ988.02-018.2я22 | ||
| 700 | 1 |
_aГленн _bУ. Д. _gУолтер Дж. _4070 |
|
| 701 | 1 |
_aИнглиш _bБ. _gБилл _4070 |
|
| 801 | 0 |
_aRU _bRuMoRKP _c20050401 _grcr |
|
| 801 | 1 |
_aRU _bRuMoRGB _c20050401 |
|
| 801 | 2 |
_aRU _bNLR _c20050804 _gPSBO |
|
| 942 | _cBOOK | ||
| 980 | _aNB | ||